Capitals by Flags of North America Quiz - Statistics

General Stats
  • This quiz has been taken 120 times
  • The average score is 18 of 23
Answer Stats
Picture Answer % Correct
Mexico City
94%
Ottawa
94%
Washington
94%
Havana
91%
Kingston
87%
Panama City
85%
Guatemala City
83%
San Jose
83%
Nassau
81%
Port-au-Prince
81%
Managua
79%
San Salvador
79%
Roseau
77%
Santo Domingo
77%
Bridgetown
75%
Saint John's
75%
Belmopan
74%
Kingstown
72%
Saint George's
72%
Port-of-Spain
70%
Tegucigalpa
70%
Basseterre
66%
Castries
66%
No matching quizzes found
Score Distribution
Percent of People with Each Score
Percentile by Number Answered
Your Score History
You have not taken this quiz